000 00376nam a2200157Ia 4500
003 Ost
005 20260225132547.0
008 260225s9999||||xx |||||||||||||| ||und||
040 _cfsic
041 _afre
082 _a440
100 _aCamille Lacoste Dujardin
_eAuteur
245 0 _aDes méres contre les femmes /
245 0 _cCamille Lacoste Dujardin
942 _cكتاب
999 _c33898
_d33898